From Their Perspective: How Adolescents and Young Adults Experience and Conceptualize Life and Occupation Surrounding Parental Divorce or Separation

Parental divorce affects adolescents’ emotions, routines, habits, occupations and relationships. The current body of research indicates that parental divorce leads to many unfavourable social, behavioural, and mental health outcomes for adolescents. This dissertation explores the daily lives and occ...

Ausführliche Beschreibung

Gespeichert in:  
Bibliographische Detailangaben
1. VerfasserIn: Hartman, Laura R (Verfasst von)
Medienart: Elektronisch Buch
Sprache:Englisch
Veröffentlicht: 2014
In:Jahr: 2014
Online-Zugang: Volltext (kostenfrei)
Verfügbarkeit prüfen: HBZ Gateway

MARC

LEADER 00000cam a22000002c 4500
001 1866591037
003 DE-627
005 20250121054907.0
007 cr uuu---uuuuu
008 231020s2014 xx |||||o 00| ||eng c
035 |a (DE-627)1866591037 
035 |a (DE-599)KXP1866591037 
040 |a DE-627  |b ger  |c DE-627  |e rda 
041 |a eng 
084 |a 2,1  |2 ssgn 
100 1 |a Hartman, Laura R  |e VerfasserIn  |4 aut 
245 1 0 |a From Their Perspective: How Adolescents and Young Adults Experience and Conceptualize Life and Occupation Surrounding Parental Divorce or Separation 
264 1 |c 2014 
336 |a Text  |b txt  |2 rdacontent 
337 |a Computermedien  |b c  |2 rdamedia 
338 |a Online-Ressource  |b cr  |2 rdacarrier 
520 |a Parental divorce affects adolescents’ emotions, routines, habits, occupations and relationships. The current body of research indicates that parental divorce leads to many unfavourable social, behavioural, and mental health outcomes for adolescents. This dissertation explores the daily lives and occupations of adolescents and young adults surrounding the transition of a parental divorce or marital separation. This thesis contains four manuscripts in addition to the introductory and final reflection chapters. The first manuscript explores the current North American literature relating to adolescent life surrounding a parental divorce or marital separation, ranging form 1998 to 2014. The second manuscript provides an overview of visual methodologies allowing for a deeper understanding of the utility of visual methodologies within the field of occupational science. The third manuscript presents the findings of a critical narrative exploration regarding adolescent life surrounding parental divorce or separation. The third manuscript describes a study that is analyzed using an occupational science lens and explores the themes brought forward by the participants. These findings are compared to the current available literature presented in the first manuscript. The final manuscript presents a study that utilizes a visual methodological approach to explore participants’ created visual messages about their experiences of parental divorce or separation. Participants were invited to address their messages to an audience of their choice with the hopes of helping future adolescents experiencing parental divorce navigate the transition and coping processes. This thesis contributes new knowledge to the growing body of information regarding adolescent life surrounding the transitions related to a parental divorce. It has expanded the limited research that approaches the topic from the frameworks of qualitative research, critical inquiry, asset-based research, and participatory approaches. It also uniquely explores the concept of human occupation as it relates to transition and coping surrounding a parental divorce or separation. This work has implications for the future methodologies and research questions for studies exploring adolescent and young adult life, occupations, and transitions surrounding a parental divorce or marital separation 
856 4 0 |u https://core.ac.uk/download/61643483.pdf  |x Verlag  |z kostenfrei  |3 Volltext  |7 0 
935 |a mkri 
951 |a BO 
ELC |a 1 
LOK |0 000 xxxxxcx a22 zn 4500 
LOK |0 001 4394227623 
LOK |0 003 DE-627 
LOK |0 004 1866591037 
LOK |0 005 20231020043639 
LOK |0 008 231020||||||||||||||||ger||||||| 
LOK |0 035   |a (DE-2619)CORE9168524 
LOK |0 040   |a DE-2619  |c DE-627  |d DE-2619 
LOK |0 092   |o n 
LOK |0 852   |a DE-2619 
LOK |0 852 1  |9 00 
LOK |0 935   |a core 
LOK |0 939   |a 20-10-23  |b l01 
OAS |a 1 
ORI |a SA-MARC-krimdoka001.raw